00584nam a2200169Ia 4500008004100000020001800041041000800059082002000067100001800087245007500105250000600180260003700186300001200223650003100235999001900266952012900285210716s2008 xx 000 0 und d a9788180520945 aeng a658.312404 DEBT aDeb, Tapomoy. aHuman resource development: theory and practice.bTheory and practice. a1 aNew delhibAne Books Indiac2008 axxv,546 aHuman Resource Development c204132d204132 001040708MBAaAIMITbAIMITd2009-10-20g325.00l0o658.312404 DEBTpMBA06698r2026-05-23 00:00:00v243.75w2021-07-16yBK